| 000 | 00473nam a22001697a 4500 | ||
|---|---|---|---|
| 005 | 20251108164749.0 | ||
| 008 | 250721s2003 xx 000 0 ara d | ||
| 082 | 1 | 4 | _a133.5/سوي |
| 100 | 1 |
_aسويد، محمد علي _eمؤلف |
|
| 245 | 1 | 0 | _aالأبراج الصينية الشاملة / |
| 264 | 1 |
_aبيروت : _bرشاد برس، _c2003. |
|
| 300 | _a511 ص. | ||
| 650 | 1 | 7 | _aالتنجيم |
| 650 | 1 | 7 | _aعلم الفلك |
| 942 |
_2ddc _cBK |
||
| 999 |
_c13800 _d13800 |
||